| 000 | 00447nam a2200157 i 4500 | ||
|---|---|---|---|
| 001 | 129314 | ||
| 003 | ES-MaACL | ||
| 005 | 20230906193458.0 | ||
| 007 | t| | ||
| 008 | 070612s1925 fr ||||1| fre d | ||
| 100 | 1 |
_aTerrasse, Charles. _9109778 |
|
| 245 | 1 | 0 |
_aSodoma _b: (Giovan-Antonio Bazzi) / _cCharles Terrasse. |
| 260 |
_aParís : _bEvreux-Charles Herissey, _c1925. |
||
| 300 |
_a136 p., XVI lám. ; _c21 cm. |
||
| 852 |
_aES-MaACL _jF-1148 |
||
| 999 |
_c129314 _d129314 |
||